| 000 | 006790000a22001810004500 | ||
|---|---|---|---|
| 010 | _a2011033185 | ||
| 020 | _a9780670014385 (hbk.) 0670014389 (hbk.) | ||
| 100 | _aKindl, Patrice. | ||
| 245 | _aKeeping the castle | ||
| 260 |
_aNew York. _bViking. _c12/28/2012 |
||
| 300 | _a261 p. ; 19 cm. | ||
| 500 | _aIn order to support her family and maintain their ancient castle in Lesser Hoo, seventeen-year-old Althea bears the burden of finding a wealthy suitor who can remedy their financial problems. | ||
| 590 | _b47351 | ||
| 650 | _aSocial classes -- England. | ||
| 650 | _aCourtship -- England. | ||
| 650 | _aCastles -- England. | ||
| 852 | _oYA KIN | ||
| 999 |
_c49087 _d49087 |
||